| 000 | 00910nam a2200289Ia 4500 | ||
|---|---|---|---|
| 003 | OSt | ||
| 005 | 20221007110920.0 | ||
| 006 | a|||||r|||| 00| 0 | ||
| 007 | ta | ||
| 008 | 221006b |||||||| |||| 00| 0 eng d | ||
| 024 | _a22,136 | ||
| 037 | _cTextual | ||
| 040 |
_aLCO _cLCO _beng |
||
| 041 |
_2eng _aeng |
||
| 082 | _aX7295qN62, L0 | ||
| 100 |
_aMukerjee T.P. _9682815 |
||
| 245 | 0 | _aCommentaries on the Customs Act, 1962 and Foreign Exchange Regulation Act, 1947 Foreword by Shri. D.P. Anand | |
| 250 | _a1st | ||
| 260 |
_aAllahabad _bLaw Publishers India _c1970 |
||
| 300 | _a505 | ||
| 500 | _aVarious Rules Interconnected Provisions and Useful Appendices | ||
| 650 |
_aCUSTOMS _9701754 |
||
| 700 | _a Sethi R.B. | ||
| 700 |
_a Shanker V. Gauri _9707981 |
||
| 942 |
_hX7295qN62, L0 _cTEXL |
||
| 999 |
_c1191699 _d1191699 |
||